000 03592cam a22012494i 4500
003 PE-LiUPU
005 20250813185430.0
008 190409s2004 pe rb 00 0 spa d
020 _a9972790029
020 _a9789972790027
035 _a(Sirsi) a252073
040 _aPE-LiUPU
_bspa
_cPE-LiUPU
_erda
_dPE-LiUPU
_erda
049 _aPRUA
082 0 4 _a306.7
_bC14
_220
100 1 _aCáceres, Carlos F.,
_eautor.
245 1 0 _aCiudadanía sexual en América Latina :
_babriendo el debate /
_cCarlos F. Cáceres [y otros veintinueve] ; Timothy Frasca [y otros tres].
250 _aPrimera edición.
264 1 _aLima :
_bFacultad de Salud Pública y Administración, Universidad Peruana Cayetano Heredia,
_c2004.
300 _a359 páginas :
_bilustraciones ;
_c24 centímetros
336 _atext
_2rdacontent
337 _aunmediated
_2rdamedia
338 _avolume
_2rdacarrier
504 _aBibliografía al final de cada capítulo.
505 0 _aEl contexto regional de las luchas por los derechos sexuales y la salud -- Producciones discursivas sobre sexualidad -- Sexualidad, investigación y política: Avances, posibilidades, límites, contradicciones y paradojas -- Ciudadanía, derechos y sexualidad. Cuestiones pendientes y controversias -- Ciudadanía sexual y políticas públicas. Avances y retrocesos en América Latina -- Culturas, redes y comunidades sexuales -- Poderes y vulnerabilidades -- VIH/sida: Nuevas agendas -- Perspectivas futuras.
526 _aP202
526 _aP201
526 _aP163
526 _aP162
526 _aP161
526 _aP160
526 _aP148
526 _aP147
526 _aP146
526 _aP145
526 _aP144
526 _aP143
526 _aP142
526 _aP141
526 _aP140
526 _aP139
526 _aP138
526 _aP137
526 _aP136
526 _aP135
526 _aP134
526 _aP133
526 _aP129
526 _aP128
526 _aP127
526 _aP120
526 _aP119
526 _aP118
526 _aP116
526 _aP115
526 _aP114
526 _aP110
526 _aP109
526 _aP108
526 _aP104
526 _aP103
526 _aP102
526 _aP99
526 _aP98
526 _aP97
526 _aP96
526 _aP95
526 _aP93
526 _aP90
526 _aP89
526 _aP88
526 _aP83
526 _aP82
526 _aP62
526 _aP59
526 _aP58
526 _aP57
526 _aP51
526 _aP49
526 _aP48
526 _aP47
526 _aP29
526 _aP24
526 _aP20
526 _aP19
526 _aP17
526 _aP15
526 _aP14
526 _aP12
526 _aP10
526 _aP09
526 _aP08
526 _aP07
526 _aP06
526 _aP05
526 _aP04
526 _aP01
541 _g025-56;
650 1 8 _aSexo
_x-Aspectos soiales
_z-América Latina.
650 2 8 _aSexo
_x-Aspectos legales.
650 2 8 _aSalud reproductiva
_z-América Latina.
700 1 _aFrasca, Timothy,
_eeditor.
910 _adbm
_bsag
_csag
_d20190409
942 _2ddc
_cBOOK
994 _aC0
_bPEPRU
596 _a1
999 _a306.7 C14
_wLC
_c31333
_i80117
_f2021-11-4
_g3
_lCCODEBUL1
_mBUL
_p7.60
_r0
_sY
_tBOOK
_u2019-4-9
_xBIBLIOTECA
_PP83
_0COMPRA
_1FCOMPR2
_o.STAFF. Colección Ciencias de la Salud
_d31333
980 _81
_gALBERTO SANCHEZ Responsable de Automatización